Focus sur: Manwendil - Tolkien - Statistiques

Statistiques générales
  • Ce quiz a été pris 7 fois
  • Le résultat moyen est 5 sur 10
Statistiques - réponses
Informations recherchées Réponses % Correct
Age durant lequel il vécut Deuxième
100%
Espèce Homme
83%
Première apparition Le Silmarillion
83%
Père Elros
50%
Ile Númenor
50%
Maison (lignée) Númenor
50%
Sœur Tindómiel
33%
Cité Armenelos
17%
Atanalcar
17%
Frères Vardamir Nólimon
0%
Aucun quiz correspondant
Distribution des résultats
% des personnes avec chaque résultat
Percentile par nombre de réponses
Votre historique - résultats
Vous n’avez pas pris ce quiz